MDQL
is popping MORE tags! Check the
thread
!
Quizzes
Events
Quiz Creation
Community
Videos
Private Events
Remove Ads
Sign In
Join for FREE
Feedback
Dark Mode
Quiz Categories
Sports
Geography
Music
Movies
Television
Just For Fun
Miscellaneous
History
Literature
Language
Science
Gaming
Entertainment
Religion
Holiday
For Kids
Quiz Lab
Recent
Popular Today
Quiz Kudos Today
Editor Picks
Curator Picks
Quizzes by...
Day
Popularity
Type
Ratings
Length
Year
Community
Subscriptions
Recent Discussions
Orange Saloon
Badges
Playlists
Quests
Create
Leaderboards
Showdown
Live 5
Trivia Bingo
Activity
Puzzle Library
Sporcle Events
Private Events
Virtual Trivia
Globe League
Become a Host
Pub Owners
SporcleCon
Opinionation
Our Games
Videos
Blog
Mobile Apps
Partnerships
Remove Ads and Go Orange
Feedback
Geography
Country
Landmarks
City
State
Population
World
Capital
Continent
Flags
Europe
Africa
Asia
South America
North America
Oceania
Border
Canada
United Kingdom
Topography
United States
Geography
Country
Landmarks
City
State
Population
World
Capital
Continent
Flags
Europe
Africa
Asia
South America
North America
Oceania
Border
Canada
United Kingdom
Topography
United States
Random Quiz
Search Sporcle
×
Quiz Lab
Quiz Lab
Geography
Building
Type in answers that appear in a list
Type in answers that appear in a list
Classic
Best Score? Go Orange.
Camp Mishawaka Buildings Stats
Can you name the buildings at Camp Mishawaka?
By
TSCole90
12m
69 Questions
16 Plays
16 Plays
16 Plays
Comments
Comments
Give Quiz Kudos
Give Quiz Kudos
-
- Ratings
hide this ad
More Info
Replay
Link that replays current quiz
Next Quiz
Link to next quiz in quiz playlist
You Got
0%
They Got
Avg Score
35%
Avg Friend Score
Upgrade to see
Score Distribution
Jump to the score distribution portion of the page
Score
0/69
Timer
12:00
0
Plays Today
Group
Building Name
% Correct
Mulford
Iverson
75%
Mulford
Dickerson
75%
Mulford
Dahlen
68.8%
Gould
Whitehill
68.8%
Belding
Tingley
62.5%
Belding
Russell
62.5%
Gould
Watt
62.5%
Belding
Wheeler
56.3%
Belding
Shaw/South Belding
56.3%
Mulford
Pierce
56.3%
Mulford
Schiller
56.3%
Mulford
Reno
56.3%
Mulford
Tent City
56.3%
Gould
Brown
56.3%
Parkside
Fran
56.3%
Co-
Ed & Other
Larsen Lodge
56.3%
Belding
Gutgcell
50%
Belding
Central Belding
50%
Gould
Parker
50%
Gould
Vail
50%
Gould
Burke
50%
Gould
Stuart
50%
Parkside
Peg
50%
Gould
Murfey
43.8%
Boys C.I.T.
Boys C.I.T. Cabin
43.8%
Lakeside
Lakeside
43.8%
Girls C.I.T.
Girls C.I.T. Cabin
43.8%
Waterfront
Boys Sauna
43.8%
Waterfront
Girls Sauna
43.8%
Bathing-
Hygiene
George's Greenie
43.8%
Gould
Merritt
37.5%
Administrative
The Apache
37.5%
Bathing-
Hygiene
Boys Shower House
37.5%
Bathing-
Hygiene
Girls Bath House
37.5%
Co-
Ed & Other
The Dining Hall
37.5%
Group
Building Name
% Correct
Co-
Ed & Other
Nurse's Cabin
37.5%
Arts & Crafts
Woodwinds (Girls Crafts Cabin)
31.3%
Trips/
Storage
The Wheels
31.3%
Trips/
Storage
The Trip Room
31.3%
Valley
Eggers
25%
Valley
Taylor
25%
Waterfront
Girls Boathouse
25%
Arts & Crafts
Boys Crafts Cabin
25%
Waterfront
Boys Boathouse
25%
Parkside
Todd
18.8%
Parkside
Westgate
18.8%
Valley
Potter
18.8%
Valley
Rust
18.8%
Valley
Helmholz
18.8%
Valley
O'Brien
18.8%
Valley
Richards
18.8%
Administrative
Girls Program Office
18.8%
Administrative
Camp Office
18.8%
Bathing-
Hygiene
The Two-Seater
18.8%
Co-
Ed & Other
Highview Cabins
18.8%
Co-
Ed & Other
Nature Cabin
18.8%
Parkside
MacCarthy
12.5%
Parkside
Port Bull
12.5%
Valley
Brock
12.5%
Valley
Young
12.5%
Valley
Marshall
12.5%
Valley
Jones
12.5%
Valley
Stubbs
12.5%
Valley
East
12.5%
Valley
Nye
12.5%
Valley
Wells
12.5%
Valley
Lambert
12.5%
Co-
Ed & Other
Horse Stable
12.5%
Administrative
Len's Camp Store
6.3%
Quiz Playlist
Details
Report
Send in Message
Add To Playlist
More Info:
Buildings considered sheds/chalets are not included
Classic:
Type in answers that appear in a list
Last Updated: Feb 16, 2017
Quiz Scoreboard
CHALLENGE
Sign Up to Join the Scoreboard
Show All
Scores
Hide
Comments
May contain spoilers
Recently Published
1-10 Letter E Words III
by El_Dandy
Language
2m
Street Fighter Characters
by Artimus82
Gaming
60s
College Basketball Coaching Resumes
by pancakes188
Sports
9m
More to Explore
Quiz From the Vault
Featured Blog Post
Where Did the Easter Bunny Come From?
hide this ad
You Might Also Like...
Tags
Building
camp
group
Today's Top Quizzes in Geography
Browse Geography
hide this ad
Today's Top Quizzes in Building
Browse Building
Top Contributed Quizzes in Geography
1
Countries of the World - No Outlines Minefield
2
Top 25 Cities of France on a map
3
Any capital of a 'B' country per Continent
4
Any capital of a 'C' country per Continent
5
Closest Countries to UK A-Z
6
Any capital of a 'D' country per Continent
7
5-to-1: US Geography No Hints
8
Any capital of an 'E' country per Continent
9
Find the US States - No Outlines
10
Any capital of an 'F' country per Continent
Explore More
Trending Topics
Kpop
Harry Potter
Anime
Disney
Crossword
NBA
Marvel
Pokémon
The Office
Country
WWE
Soccer
Puzzle
NFL
Song
hide this ad
More By:
TSCole90
Quiz
Plays
Rating
Category
Featured
Created
Buffy: Forms of The First Evil
20,920
4.42
Television
May 1, 2010
Episodes of Firefly (Small Details)
2,482
4.17
Television
Feb 27, 2010
Simon and Garfunkel Songs by Antonym
447
4.75
Music
Feb 27, 2010
Camp Mishawaka Buildings
16
Geography
Jun 12, 2010
Go to Creator's Profile
Score Distribution
Quiz Creator Spotlight
TSCole90
Follow
Send a Message
Quizzes Created
-
Created Quiz Play Count
-
More By This Creator
Popular Quizzes Today
1
Find the US States - No Outlines Minefield
2
Find the Countries of Europe - No Outlines Minefield
3
The Countries of the World
4
Find the US States
5
Risky Map Clicking: Biggest States A-Z
6
US States
7
Popular People in 1961
8
Movies - When Are They Set?
More Geography Quizzes
Occupied France in WWII
Curator's Pick
Trending Quizzes
Risky Map Clicking: Least Populous States A-Z
1-10 Letter G Words
1-10 Letter F Words
Countries of the World: 200 Million BC
Risky Map Clicking: Next State Alphabetically
Recently Updated
Most Oscar Losses (Acting)
pecheneg
Beyoncé Albums
pecheneg
Leaping Animals
pecheneg
Reality TV Shows (A-Z)
bhenderson79
Rickey Henderson's Hall of Fame Teammates
pecheneg
Champions League XIs: Arsenal
pecheneg
Quick Pick: Celebrities in WWE's Hall of Fame
aduchscher
A-Z Keypad Blitz II
pecheneg
Multiple Oscar Actors
pecheneg
Mystery Phrase Blitz: Oscar 'Best Actors'
pecheneg
Trending Topics
Kpop
Marvel
Harry Potter
Anime
NBA
Crossword
Disney
Soccer
NFL
Country
Pokémon
Song
Puzzle
The Office
WWE
Your Account Isn't Verified!
In order to create a playlist on Sporcle, you need to verify the email address you used during registration. Go to your
Sporcle Settings
to finish the process.
Report this User
Report this user for behavior that violates our
Community Guidelines
.
Details:
Send Report
Go to the Sporcle.com Mobile Site →
Comments